000 01055nam a2200217Ia 4500
003 Ost
005 20260507075502.0
008 260507s9999||||xx |||||||||||||| ||und||
020 _a9961008308
040 _cfsecg
041 _aara
082 _a320.5
100 _aالموسوي، ضياء مجيد
_eمؤلف
245 0 _aاهتزازات في أسس العولمة /
_c ضياء مجيد الموسوي
260 _aالجزائر:
_bديوان المطبوعات الجامعية,
_c2005
300 _a115 صفحة؛
_bإيضاحات ؛
_c22 سم
520 _aنهاية اليوتوبيا وسيدة الليبرالية الديموقراطية،المشاكل التي تواجه أمريكا التي ترفع راية التنوير الليبرالي الديموقراطي،ما بعد"دعه يعمل"،ما بعد "توافق آراء واشنطن،تعدد الرأسماليات،تعدد الثقافات،نهاية عصر المدن
653 _aالعولمة
653 _aالنظم السياسية
942 _cكتاب
999 _c44699
_d44699